000
00292nam a22001337a 4500
008
181102b xxu||||| |||| 00| 0 eng d
020
_a
9781930524163
041
_a
eng
080
_a
710
100
_a
45
101
_a
ART
245
_a
The Sate Of The ART
_c
Plata.J.R
942
_2
udc
_c
BK
999
_c
51759
_d
51759